Ο εξάδελφος Πονς
Αποθηκεύτηκε σε:
| Κύριος συγγραφέας: | |
|---|---|
| Άλλοι συγγραφείς: | |
| Μορφή: | Βιβλίο |
| Γλώσσα: | Greek French |
| Δημοσίευση: |
Αθήνα :
Σμυρνιώτης,
[19--].
|
| Σειρά: | Τα Νόμπελ - Παγκόσμια λογοτεχνία
|
| Θέματα: | |
| Ετικέτες: |
Προσθήκη ετικέτας
Δεν υπάρχουν, Καταχωρήστε ετικέτα πρώτοι!
|
MARC
| LEADER | 00000cam a2200000 i 4500 | ||
|---|---|---|---|
| 001 | 1/103929 | ||
| 008 | 090408q19701980gr | ||| |||| ||gre|| | ||
| 035 | |l 10104234 | ||
| 040 | |a GR-MyUA |b gre |e AACR2 | ||
| 041 | 1 | |a gre |h fre | |
| 082 | 0 | |a 843.8 |2 (22) | |
| 100 | 1 | |a Balzac, Honore de, |d 1799-1850. | |
| 245 | 1 | 2 | |a Ο εξάδελφος Πονς / |c Ονορέ Ντε Μπαλζάκ ; μετάφραση Κώστα Θεοφάνους. |
| 260 | |a Αθήνα : |b Σμυρνιώτης, |c [19--]. | ||
| 300 | |a 314 σ. ; |c 21 εκ. | ||
| 490 | 1 | |a (Τα Νόμπελ - Παγκόσμια λογοτεχνία) | |
| 500 | |a Τίτλος πρωτοτύπου: Le cousin Pons. | ||
| 650 | 0 | 0 | |a French fiction |y 19th century. |
| 700 | 1 | |a Θεοφάνους, Κώστας Θ., |d 1919-2008, |e trl | |
| 830 | 0 | |a Τα Νόμπελ - Παγκόσμια λογοτεχνία | |
| 852 | |a INST |b RHODES |c AKA |e 20090408 |h 843.8 BAL |p 005400032027 |q 005400032027 |t BK |y 0 | ||
| 901 | |a BIBL4-2009-1 | ||
| 909 | |a Ρ |b 157082 | ||
| 970 | |a ΚΟΖΑ |b ΜΑΡΙΑ |z 2009/04/08 | ||